Molekulový magnetizmus v komplexoch kobaltu s bis(benzimidazolyl)pyridínovými ligandami

Gespeichert in:
Bibliographische Detailangaben
1. Verfasser: Zajacová, Michaela (Verfasst von)
Weitere Verfasser: Šalitroš, Ivan (Betreuung Doktorarbeit)
Format: Manuskript Buch
Sprache:Slowakisch
Veröffentlicht: 2017
Schlagworte:
Online-Zugang:http://is.stuba.sk/zp/portal_zp.pl?podrobnosti=118765
Tags: Tag hinzufügen
Keine Tags, Fügen Sie das erste Tag hinzu!

MARC

LEADER 00000ntm a22000003a 4500
001 stuzp64846
003 SK-STU
005 20170715210931.2
007 ta
008 150427s2015----xo-----f-mn---000-0-slo-d
040 |a STU  |b slo 
041 0 |a slo 
100 1 |a Zajacová, Michaela  |u 042190  |4 aut  |U FCHPT Ústav anorganickej chémie, technológie a materiálov  |T FCHPT Oddelenie anorganickej chémie  |X 76583  |U C2190  |Y 112  |7 76583 
242 0 1 |a Molecular magnetism in cobalt complexes with bis(benzimidazolyl)pyridine ligands  |y eng 
245 1 0 |a Molekulový magnetizmus v komplexoch kobaltu s bis(benzimidazolyl)pyridínovými ligandami 
260 |c 2017 
650 4 |a jednomolekulový magnetizmus  |2 slo 
650 4 |a vysokospinové vlastnosti  |2 slo 
650 4 |a magnetické vlastnosti  |2 slo 
650 4 |a komplexy  |2 slo 
650 4 |a ligandy  |2 slo 
650 4 |a magnetic properties  |2 eng 
650 4 |a complexes  |2 eng 
650 4 |a ligands  |2 eng 
650 4 |a monolecular magnetism  |2 eng 
650 4 |a high spin properties  |2 eng 
700 1 |a Šalitroš, Ivan  |u 042190  |k Z2  |4 ths  |U FCHPT Ústav anorganickej chémie, technológie a materiálov  |T FCHPT Oddelenie anorganickej chémie  |X 19338  |U C2190  |Y 112  |7 A000019338 
856 4 |u http://is.stuba.sk/zp/portal_zp.pl?podrobnosti=118765